Ajax/ (Record no. 35765)

MARC details
000 -LEADER
fixed length control field 00551nam a22001937a 4500
005 - DATE AND TIME OF LATEST TRANSACTION
control field 20240514100612.0
008 - FIXED-LENGTH DATA ELEMENTS--GENERAL INFORMATION
fixed length control field 240514b |||||||| |||| 00| 0 eng d
020 ## - INTERNATIONAL STANDARD BOOK NUMBER
ISBN 978-0-470-10949-6
082 ## - DEWEY DECIMAL CLASSIFICATION NUMBER
Classification number 005.133
Item number ZAK-A
100 ## - MAIN ENTRY--AUTHOR
Author Name Zakas;Nicholas.C
245 ## - TITLE STATEMENT
Title Ajax/
Remainder of title Professional/
Statement of responsibility, etc. Nicholas Zakas.C
250 ## - EDITION STATEMENT
Edition statement 2nd ed.
260 ## - PUBLICATION, DISTRIBUTION, ETC.
Place of Publication USA;
Name of publisher, distributor, etc. Wiley Publishing;
Date of publication, distribution, etc. 2007
300 ## - PHYSICAL DESCRIPTION
Pages xx, 598 p.:
500 ## - GENERAL NOTE
General note Include index.
650 ## - SUBJECT ADDED ENTRY--TOPICAL TERM
Subject / Department Computer Science/Computer Programming
700 ## - ADDED ENTRY--PERSONAL NAME
Personal name Jeremy McPeak; Joe Fawcett
300 ## - PHYSICAL DESCRIPTION
-- ill;
-- 23.5 cm.
952 ## - LOCATION AND ITEM INFORMATION (KOHA)
-- 0
-- 0
Holdings
Lost status Damaged status Collection code Permanent Location Current Location Shelving Location Date acquired Full Call Number Accession No./Barcode Date last seen item type Koha item type
    CS/IT Superior Information Resource Center (SIRC) Superior University - City Campus Superior Information Resource Center (SIRC) Superior University - City Campus Computer Science 05/14/2024 005.133 ZAK-A 2007 20399 05/14/2024 BOOK BOOK

Powered by Koha